000 01143nam a22002897a 4500
003 DO-SdBNP
005 20180312151807.0
008 160509b 2013 dr00| 0 spa d
040 _aBPMSU
_bspa
_cBPMSU
082 4 _a372.5
_bM385e, 6to. [20--]
100 1 _aMartínez, Julio César
245 1 _aEducación artística 6 /
_cJulio César Martínez ; edición José Molinaza ; ilustraciones Luis E. Reyes Guzmán
260 0 _aSanto Domingo :
_bSecretaría de Estado de Educación ;
_c[20--]
_g(reimpresión, 2013)
300 _a165 p. :
_bil. ;
_c27 cm.
500 _aLa biblioteca posee la reimpresión del 2013
650 4 _aARTE
_xENSEÑANZA BÁSICA
650 4 _aARTE
_xENSEÑANZA
_xESTUDIOS Y EJERCICIOS
650 4 _aARTE
_xENSEÑANZA
_xLIBROS DE TEXTOS
650 4 _aARTE
_xENSEÑANZA
_xEDUCACIÓN PRIMARIA
650 4 _aEDUCACIÓN PRIMARIA
_zREPÚBLICA DOMINICANA
700 1 2 _aMolinaza, José,
_eed.
700 1 2 _aReyes Guzmán, Luis E.,
_eil.
910 _aValidado. Control de calidad MFF
942 _2ddc
_cBK
945 _ainventariado, 2018 / dg Remanejada para la BNPHU 2018 / BT
956 _aBTAVÁREZ
_b10
_c20180307
_dBPMSU
_f0038
999 _c10050
_d10050